Religions de l'Asie septentrionale

Elmentve itt :
Bibliográfiai részletek
Szerző: Hamayon Roberte
Dokumentumtípus: Cikk
Megjelent: [Sorbonne] [Paris] 1983
Sorozat:École pratique des hautes études : Ve section sciences religieuses : annuaire
Kulcsszavak:Vallás - Észak-Ázsia, Ázsiai népek - vallás
Tárgyszavak:
Online Access:http://misc.bibl.u-szeged.hu/68179
LEADER 00792nab a2200217 i 4500
001 misc68179
005 20241016104351.0
008 220407s1983 hu o 000 fre d
040 |a SZTE Miscellanea Repozitórium  |b hun 
041 |a fre 
100 1 |a Hamayon Roberte 
245 1 0 |a Religions de l'Asie septentrionale  |h [elektronikus dokumentum] /  |c  Hamayon Roberte 
260 |a [Sorbonne]  |b [Paris]  |c 1983 
300 |a 109-121  |c 21 cm 
490 0 |a École pratique des hautes études : Ve section sciences religieuses : annuaire 
561 |a Németh Gyula hagyaték 
591 |a OA 2201 
650 4 |a Társadalomtudományok 
650 4 |a Szociológia 
695 |a Vallás - Észak-Ázsia, Ázsiai népek - vallás 
856 4 0 |u http://misc.bibl.u-szeged.hu/68179/1/2201_oa_h25.pdf  |z Dokumentum-elérés